000 00299nam a22001337a 4500
008 170831b xxu||||| |||| 00| 0 eng d
020 _a9781426638763
041 _aeng
080 _a070
100 _a40
101 _aMED
245 _aPUBLIC SPEAKING APPLICATIONS
_cSELLNOW,D,D
942 _2udc
_cBK
999 _c25800
_d25800